Mléko a mléčne výrobky v evropském regionu.

Vývoj produkcie a spotreby mlieka v ES v r. 1989-1990. Expanzívna tendencia výroby syrov. Intervenčné zásoby masla a sušeného mlieka. Výrazné postavenie výrobkov imitujúcich maslo. Spotreba mliečnych výrobkov na obyvateľa v európskom porovnaní.

Salvato in:
Dettagli Bibliografici
Autore principale: Jeníček, Vladimír
Natura: Capitolo di libro
Lingua:ceco
Soggetti:
Tags: Aggiungi Tag
Nessun Tag, puoi essere il primo ad aggiungerne!!

MARC

LEADER 00000naa a2200000 4500
001 r004764
005 20221125081631.3
041 0 |a cze 
044 |a [CS] 
245 1 0 |a Mléko a mléčne výrobky v evropském regionu.  |c Vladimír Jeníček 
520 |a Vývoj produkcie a spotreby mlieka v ES v r. 1989-1990. Expanzívna tendencia výroby syrov. Intervenčné zásoby masla a sušeného mlieka. Výrazné postavenie výrobkov imitujúcich maslo. Spotreba mliečnych výrobkov na obyvateľa v európskom porovnaní. 
610 2 0 |a mlieko 
610 2 0 |a Európske spoločenstvá 
610 2 0 |a 1989-1990 
610 2 0 |a údaje štatistické 
610 2 0 |a výrobky poľnohospodárske 
610 2 0 |a spotreba 
100 1 |a Jeníček, Vladimír